| 000 | 01341nam a2200337 a 4500 | ||
|---|---|---|---|
| 001 | 000109629 | ||
| 003 | CHAP | ||
| 005 | 20220329144057.0 | ||
| 008 | 140515s2014 mx sm |||||||spa d | ||
| 010 | _a106091 | ||
| 011 | _a107063 | ||
| 040 | _cCHAP | ||
| 090 | _aTesis | ||
| 100 | 1 |
_aDelgado Vargas, Yosgar Agni _9126865 |
|
| 245 | 1 | 0 |
_aIdentificación y evaluación de la incidencia y severidad del anillamiento del pedúnculo del aguacatero en la Sierra del Tigre, Jalisco _h[En línea] _cpor Yosgar Agni Delgado Vargas y Jesús Salvador Villanueva Betancourt. |
| 260 |
_aChapingo, Méx. : _bEl autor, _c2014. |
||
| 500 | _aPara ver el contenido del material haga clic en la liga | ||
| 502 | _aTesis (Ing. Agr. Esp. en Parasitología Agrícola) -- UACH. Departamento de Parasitología Agrícola | ||
| 590 |
_aBATCH-UPD _b05 _c20141002 _lUCH01 _h0903 |
||
| 590 |
_aE6096MTM _b05 _c20140515 _lUCH01 _h1010 |
||
| 590 |
_aE6096MTM _b05 _c20140515 _lUCH01 _h1016 |
||
| 650 | 1 | 4 |
_aAguacate _xEnfermedades por hongos. _92511 |
| 650 | 1 | 4 |
_aAlternaria _94675 |
| 650 | 1 | 4 |
_aColletotrichum gloeosporioides. _925254 |
| 650 | 1 | 4 |
_aEvaluación. _938913 |
| 700 | 1 |
_aVillanueva Betancourt, Jesús Salvador _9126866 |
|
| 856 |
_aFinding aid _uhttp://10.13.5.2/tesis/sist109629.pdf _zTeclea aquí |
||
| 901 | _aBK | ||
| 942 | _cTESIS | ||
| 942 | _n0 | ||
| 999 |
_c106091 _d106091 |
||